| 000 | 00409nam a22001217a 4500 | ||
|---|---|---|---|
| 082 | _a220 PRO | ||
| 100 |
_aMUHAMMAD HAMZA AMJAD MUHAMMAD BILAL AMJAD SYED HASAN RAZA _972027 |
||
| 245 | _aPR-SOF-1697-CONTINUOUSLY VARIABLE TRANSMISSION FOR SMALL ENGINES | ||
| 260 |
_aISLAMABAD _bNUST COLLEGE OF EME _c2018 |
||
| 650 |
_aDE-MECH-36 _971088 |
||
| 700 |
_aPROJECT SUPERVISOR DR RAJA AMER AZIM _971527 |
||
| 942 | _cCR | ||
| 999 |
_c578243 _d578243 |
||